000 00941cam a2200253 a 4500
008
020 _a0198533780 (hbk.)
049 _aMAIN
090 _aQA371REA
245 0 0 _aReaction-diffusion equations :
_bthe proceedings of a symposium year on reaction-diffusion equations /
_corganized by the Department of Mathematics, Heriot-Watt University, 1987-1988 ; edited by K.J. Brown and A.A. Lacey.
260 _aOxford :
_bClarendon Press,
_c1990.
300 _ax, 224 p. :
_bill. ;
_c24 cm.
440 0 _aOxford science publications
504 _aIncludes bibliographical references.
650 0 _aReaction-diffusion equations
_vCongresses.
700 1 _aBrown, K. J.
700 1 _aLacey, A. A.
710 2 _aHeriot-Watt University.
_bDept. of Mathematics.
907 _a.b1003433x
_b16-01-06
_c17-04-03
003
005 20230123134117.0
040 _cNUST
942 _cBOOKS
_kQA371REA
999 _c160226
_d160226